| 000 | 00676nam a2200217 4500 | ||
|---|---|---|---|
| 010 | _aB-121588 | ||
| 020 |
_a8176295744 _c4200.00 (set) |
||
| 035 | _aB-121588 | ||
| 037 | _aCen Lib/Ret | ||
| 040 |
_aDPL _bEN |
||
| 082 |
_a342 _bSHA |
||
| 100 | _aSharma, Gokulesh | ||
| 245 |
_aSelect world constitutions / _cby Gokulesh Sharma |
||
| 260 |
_aNew Delhi _b Deep & Deep Publications _c2005 |
||
| 270 |
_aF-459, Rajorui Garden _bNew Delhi _e110027 |
||
| 300 | _a2 v. ( v 1. 683 ; v 2. 689-1348) | ||
| 490 | _a2 v. ; v 1. (avalivale) ; v 2. (avalivale) | ||
| 650 | _aworld constitutions | ||
| 650 | _aworld constitutions | ||
| 942 |
_2ddc _cEN _h342 _kSHA |
||
| 999 |
_c136360 _d136360 |
||